| 000 | 01024nam a22002417a 4500 | ||
|---|---|---|---|
| 005 | 20241005095013.0 | ||
| 008 | 220608b ||||| |||| 00| 0 eng d | ||
| 040 | _cAloy | ||
| 041 | _aTulu | ||
| 082 |
_223 _aT894.3 _bKARA |
||
| 100 |
_aKarnataka Tulu Sahitya Akademi: _9181489 |
||
| 100 |
_943756 _d ಕರ್ನಾಟಕ ತುಳು ಸಾಹಿತ್ಯ ಅಕಾಡೆಮಿ |
||
| 245 |
_aAgoli Manjane _b ಅಗೋಳಿ ಮಂಜನೆ |
||
| 260 |
_aMangaluru: _bKarnataka Tulu Sahitya Akademi, _c1998 |
||
| 300 |
_a24p. _bPB _c24x18cm. |
||
| 365 | _2Tulu | ||
| 440 |
_aTULU SHORT STORIES FOR CHILDREN ಜೋಕ್ಲೆಗಾದ್ ತುಳುಕತೆಕುಲು;14 _941197 |
||
| 650 |
_aTulu Fiction _941182 |
||
| 650 |
_aTulu Literature _941183 |
||
| 700 |
_aKARNATAKA TULU SAHITYA AKADEMI: ಕರ್ನಾಟಕ ತುಳು ಸಾಹಿತ್ಯ ಅಕಾಡೆಮಿ _941184 |
||
| 700 |
_aSANKAMAR (Ganesh Ameen): ಸಂಕಮಾರ್ (ಗಣೇಶ್ ಅಮೀನ್) _941186 |
||
| 942 |
_2ddc _cGF |
||
| 999 |
_c223360 _d223360 |
||